Estudios en honor de Pedro Lira Urquieta
Saved in:
| Main Authors: | , |
|---|---|
| Format: | Bog |
| Sprog: | spansk |
| Udgivet: |
Santiago, Chile
Jurídica de Chile
1970
|
| Udgivelse: | Segunda edición |
| Fag: | |
| Tags: |
Tilføj Tag
Ingen Tags, Vær først til at tagge denne postø!
|
MARC
| LEADER | 00000nam a2200000 a 4500 | ||
|---|---|---|---|
| 001 | UCV3453 | ||
| 003 | CL-VaPUC | ||
| 005 | 20210921074522.0 | ||
| 008 | 930803e19700000CL |||||||||||||||||spa|d | ||
| 999 | |c 210671 |d 210669 | ||
| 040 | |c Pontificia Universidad Católica de Valparaíso | ||
| 082 | 0 | 4 | |a 340 MAC 1970 |2 21 |
| 100 | |a Mac Hale, Tomás P. |e autor |9 532135 | ||
| 245 | 1 | 0 | |a Estudios en honor de Pedro Lira Urquieta |
| 250 | |a Segunda edición | ||
| 260 | |a Santiago, Chile |b Jurídica de Chile |c 1970 | ||
| 300 | |a 490 páginas | ||
| 583 | |a last modification |c 19930803 00:00:00 |k Rodrigo Vera | ||
| 600 | 0 | |a Lira Urquieta, Pedro, |d 1900-1981 |9 860755 | |
| 650 | 7 | |a DERECHO |2 CL-VaPUC |9 297722 | |
| 650 | 0 | |a Literatura |9 259151 | |
| 650 | 0 | |a Historia y crítica |9 257407 | |
| 650 | 0 | |a Ciencias sociales |9 256351 | |
| 650 | 0 | |a Filosofía |9 223554 | |
| 700 | 0 | |a Valle A., Jaime del |e author |9 297721 | |
| 852 | |a BIBCUR | ||
| 942 | |c BK |2 ddc | ||
| 945 | |d 19930803 00:00:00 | ||
| 952 | |0 0 |1 0 |2 ddc |4 0 |6 340_000000000000000_MAC_1970 |7 0 |8 A |9 187079 |a BIBHIS |b BIBHIS |d 2019-11-14 |i 2547317 |o 340 MAC 1970 |p 2547317 |r 2025-01-20 |t 6 |w 2019-11-14 |y BK |k HIS | ||
| 952 | |0 0 |1 0 |2 ddc |4 0 |6 340_000000000000000_MAC_1970 |7 0 |8 DER_HDC |9 187080 |a BIBDER |b BIBDER |d 2019-11-14 |i 2547325 |o 340 MAC 1970 |p 2547325 |r 2023-01-25 |t 1 |w 2019-11-14 |x Ubicación 4to Piso |y BK |z Estos recursos deben solicitarse con anticipación |k DER | ||
| 952 | |0 0 |1 0 |2 ddc |4 0 |6 340_000000000000000_MAC_1970 |7 0 |8 A |9 187081 |a BIBDER |b BIBDER |d 2019-11-14 |i 2547333 |o 340 MAC 1970 |p 2547333 |r 2023-01-25 |t 2 |w 2019-11-14 |y BK |k DER | ||
| 952 | |0 0 |1 0 |2 ddc |4 0 |6 340_000000000000000_MAC_1970 |7 0 |8 A |9 187084 |a BIBDER |b BIBDER |d 2019-11-14 |i 1951971 |o 340 MAC 1970 |p 1951971 |r 2023-01-25 |t 5 |w 2019-11-14 |y BK |k DER | ||
| 952 | |0 0 |1 0 |2 ddc |4 0 |6 340_000000000000000_MAC_1970 |7 0 |8 A |9 187085 |a BIBHIS |b BIBHIS |d 2019-11-14 |i 1349384 |o 340 MAC 1970 |p 1349384 |r 2025-01-20 |t 7 |w 2019-11-14 |y BK |k HIS | ||